000 00446nam a2200145Ia 4500
008 100122s9999 xx 000 0 und d
082 _b19059
_a823
100 _aदेवकुळे ज ग
245 _aशिलाजिताचा शाप
260 _bसुरेश राऊत
_c1972
300 _a131
630 _aशिलाजिताचा शाप
730 _aशिलाजिताचा शाप
942 _cBOOK
999 _c408209
_d408206